Novelizácia zákona o dani z príjmov vykonaná zákonom č. 191/2004 Z.z., ktorým sa mení a dopĺňa zákon o medzinárodnej pomoci a spolupráci pri správe daní
Zákonom č. 191/2004 Z.z. sa mení a dopĺňa zákon č. 472/2002 Z.z. o medzinárodnej pomoci a spolupráci pri správe daní.
Na minha lista:
| Autor principal: | |
|---|---|
| Formato: | Capítulo de Livro |
| Idioma: | eslovaco |
| Assuntos: | |
| Tags: |
Sem tags, seja o primeiro a adicionar uma tag!
|
MARC
| LEADER | 00000naa$a2200000$$$4500 | ||
|---|---|---|---|
| 001 | 0012066 | ||
| 005 | 20231106070128.2 | ||
| 041 | 0 | |a slo | |
| 044 | |a SK | ||
| 245 | 1 | 0 | |a Novelizácia zákona o dani z príjmov vykonaná zákonom č. 191/2004 Z.z., ktorým sa mení a dopĺňa zákon o medzinárodnej pomoci a spolupráci pri správe daní |c aut. Ján Palkovský |
| 520 | |a Zákonom č. 191/2004 Z.z. sa mení a dopĺňa zákon č. 472/2002 Z.z. o medzinárodnej pomoci a spolupráci pri správe daní. | ||
| 610 | 2 | 0 | |a dane z príjmov |
| 610 | 2 | 0 | |a zákony |
| 610 | 2 | 0 | |a novelizácia |
| 610 | 2 | 0 | |a správa daňová |
| 610 | 2 | 0 | |a pomoc medzinárodná |
| 610 | 2 | 0 | |a spolupráca medzinárodná |
| 610 | 2 | 0 | |a Slovensko |
| 610 | 2 | 0 | |a 2004 |
| 100 | 1 | |a Palkovský, Ján | |